| 000 | 00698nam a22002177a 4500 | ||
|---|---|---|---|
| 003 | UA-OsUOA | ||
| 001 | 117972 | ||
| 007 | ta | ||
| 008 | 20160704b un ||||| |||| 00| 0 ukr d | ||
| 100 | _aБершеда Є. | ||
| 090 |
_a32 _bБ52 |
||
| 942 | _cSA | ||
| 040 |
_aUA-OsUOA _bukr _cUA-OsUOA _dUA-OsUOA |
||
| 245 | _aСоюзники України та її відносини з Росією, або про переваги для міжнародної безпеки членства нашої країни євроатлантичних структурах | ||
| 300 | _aС.6-7 | ||
| 955 | _a0 | ||
| 041 | _aukr | ||
| 080 | _a32 | ||
| 773 | 0 | _w117970 | |
| 650 | 7 |
_a32 Політика _2UDC |
|
| 999 |
_c404015 _d404015 |
||